000 01625nam a2200349 c 4500
999 _c59774
_d59774
003 BLK
005 20190322103703.0
008 180408b bul|||||r ||||||| ||bul||
010 _aKNG00063901000
040 _aBLK
041 _aBUL
_cBUL
080 _aРоботи. Манипулатори. Промишлени роботи
_b621.865
_x(035)
_z621.865(035)
100 1 _aГановски, Владимир Савов
_eпърви автор
_9248672
139 _aАвтоматизация на производствените процеси с манипулатори и роботи
_bА 22
245 1 0 _aАвтоматизация на производствените процеси с манипулатори и роботи
_bРъководство
_cВладимир Савов Гановски; ред. Владимир Савов Гановски.
257 _aBGR
260 _bТехника
_c1985
300 _a251 с.
_c22 см
380 _a62
500 _aДруги авт. : Т. Д. Нешков, И. К. Бояджиев, Вл. Р. Станков, Л. Т. Клочков, Б. М. Монов, Е. Т. Соколов. - Библиогр. с. 248 - 250.
650 4 _aАвтоматизация на производството
_9266722
650 4 _aМанипулатори
_9161130
650 4 _aРоботи
_9169567
653 _aавтоматизация
653 _aроботи
700 1 _aГановски, Владимир Савов
_eред.
_9369827
852 _aЦб 139696
856 4 _qpdf
856 4 _qpdf
942 _cKNG
_n0
944 _aCR
_c13.06.2004
_kЧиталня
944 _aED
_c08.04.2011
999 _d59774